| 000 | 00737 a2200205 4500 | ||
|---|---|---|---|
| 003 | CBULib | ||
| 005 | 20240507105159.0 | ||
| 008 | 240507b |||||||| |||| 00| 0 eng d | ||
| 020 | _a9789211169829 | ||
| 040 |
_aCBULib _bEnglish _cCBULib _dCBULib _erda |
||
| 050 | _aUNECE(02)2007/7 | ||
| 100 | _aUnited Nations Economic Commission for Europe (UNECE) | ||
| 245 |
_aCreating a Conductive Environment for Higher Competitiveness and Effective National Innivation Systems _c/by United Nations Economic Commission for Europe (UNECE) |
||
| 260 |
_bUnited Nations _c2007 _aGeneva |
||
| 300 | _ax,95 pages | ||
| 336 |
_2rdacontent _aText | _btxt |
||
| 337 |
_2rdamedia _aUnmediated | _bn |
||
| 338 |
_2rdacarrier _aVolume _bnc |
||
| 942 |
_2mc _c029 |
||
| 999 |
_c84983 _d84983 |
||